| 000 | 01566cam a2200361 a 4500 | ||
|---|---|---|---|
| 001 | 2145437 | ||
| 003 | OSt | ||
| 005 | 20160816144433.0 | ||
| 008 | 981231s1999 nyua b 001 0 eng c | ||
| 010 | _a 98056649 | ||
| 020 | _a0824702301 (alk. paper) | ||
| 040 |
_aDNLM/DLC _cDLC _dDLC |
||
| 082 |
_aWB 141 _bG211m 1999 |
||
| 245 | 0 | 0 |
_aGastroesophageal reflux disease and airway disease / _cedited by Mark R. Stein. |
| 260 |
_aNew York : _bMarcel Dekker, _c1999. |
||
| 300 |
_axvii, 364 p. : _bill. ; _c24 cm. |
||
| 440 | 0 |
_aLung biology in health and disease ; _vv. 129 _910701 |
|
| 504 | _aIncludes bibliographical references and indexes. | ||
| 650 | 0 |
_aGastroesophageal reflux _xComplications. _910702 |
|
| 650 | 0 |
_aAsthma _xEtiology. _910703 |
|
| 650 | 0 |
_aAirway (Medicine) _910704 |
|
| 650 | 0 |
_aRespiratory organs _xDiseases _xEtiology. _910705 |
|
| 650 | 1 | 2 |
_aRespiratory Tract Diseases _xetiology. _910706 |
| 650 | 1 | 2 |
_aRespiratory Tract Diseases _xtherapy. _910707 |
| 650 | 2 | 2 |
_aRespiratory Tract Diseases _xdiagnosis. _910708 |
| 650 | 2 | 2 |
_aGastroesophageal Reflux _xcomplications. _910709 |
| 650 | 2 | 2 |
_aGastroesophageal Reflux _xtherapy. _910710 |
| 700 | 1 |
_aStein, Mark R., _910711 |
|
| 856 | 4 | 2 |
_3Publisher description _uhttp://www.loc.gov/catdir/enhancements/fy0647/98056649-d.html |
| 906 |
_a7 _bcbc _corignew _d1 _eocip _f19 _gy-gencatlg |
||
| 942 |
_2z _cO_SHELF |
||
| 999 |
_c5003 _d5003 |
||